| Tag |
First Indicator |
Second Indicator |
Subfields |
| LEADER |
00000cam a2200000 a 4500 |
| 001 |
in00000531007 |
| 005 |
20151013161943.0 |
| 008 |
831013s1982 enka b 00110 lat |
| 010 |
|
|
|a 83213607
|
| 020 |
|
|
|a 0197260063
|
| 035 |
|
|
|a (OCoLC)09824103
|
| 035 |
|
|
|9 ACG6641AM
|
| 039 |
0 |
|
|a 2
|b 3
|c 3
|d 3
|e 3
|
| 040 |
|
|
|a DLC
|c DLC
|d TXA
|d UtOrBLW
|
| 049 |
|
|
|a TXAM
|c [1615651]
|
| 050 |
0 |
0 |
|a BS651
|b .G84 1982
|
| 082 |
0 |
|
|a 231.7/65
|2 19
|
| 100 |
1 |
|
|a Grosseteste, Robert,
|d 1175?-1253.
|
| 245 |
1 |
0 |
|a Hexaemeron /
|c Robert Grosseteste ; edited by Richard C. Dales and Servus Gieben.
|
| 264 |
|
1 |
|a London ;
|a New York :
|b Published for the British Academy by the Oxford University,
|c [1982]
|
| 264 |
|
4 |
|c ©1982
|
| 300 |
|
|
|a xxix, 371 pages :
|b illustrations ;
|c 26 cm.
|
| 336 |
|
|
|a text
|b txt
|2 rdacontent
|
| 337 |
|
|
|a unmediated
|b n
|2 rdamedia
|
| 338 |
|
|
|a volume
|b nc
|2 rdacarrier
|
| 490 |
1 |
|
|a Auctores Britannici Medii Aevi,
|v 6
|
| 500 |
|
|
|a Includes indexes.
|
| 504 |
|
|
|a Bibliography: pages [351]-356.
|
| 650 |
|
0 |
|a Creation
|v Early works to 1800.
|
| 700 |
1 |
|
|a Dales, Richard C.
|
| 700 |
1 |
|
|a Gieben, Servus.
|
| 710 |
2 |
|
|a British Academy.
|
| 830 |
|
0 |
|a Auctores Britannici Medii Aevi ;
|v 6.
|
| 999 |
|
|
|a MARS
|
| 999 |
f |
f |
|s 2c8060af-5d9a-3b59-9d5a-69ac64c8b720
|i 545837ce-75e8-3bd3-9fbf-4f1f6272835d
|t 0
|
| 952 |
f |
f |
|p ric
|a Texas A&M University
|b Rellis Campus
|c Joint Library Facility
|d Remote Storage
|t 0
|e BS651 .G84 1982
|h Library of Congress classification
|i unmediated -- volume
|m A14807835699
|
| 998 |
f |
f |
|a BS651 .G84 1982
|t 0
|l Remote Storage
|